000
00271nam a2200097Ia 4500
001
652195
005
20250826154434.0
008
250824s9999 xx 000 0 und d
245
0
_a
Büyük Makineler Uçaklar ve Helikopterler
_c
Clive Gifford
260
_b
TÜBİTAK YAYINLARI
999
_c
652195
_d
652195